000 00333nam a22001457a 4500
008 230911b ||||| |||| 00| 0 eng d
020 _a091323284X
041 _aeng
080 _a521
082 _a521SKI
100 _a19
101 _aASTRO
245 _aTHE SOLAR SYSTEM AND ITS STRANGE OBJECTS
_cSKINNER.J.B
942 _2udc
_cBK
999 _c60314
_d60314